Normal view
MARC view
Entry Personal Name
001 - CONTROL NUMBER
- control field: 37086
003 - CONTROL NUMBER IDENTIFIER
- control field: ARRUPE
005 - DATE AND TIME OF LATEST TRANSACTION
- control field: 20171016113808.0
008 - FIXED-LENGTH DATA ELEMENTS
- fixed length control field: 171016|| aca||aabn | a|a d
040 ## - CATALOGING SOURCE
- Original cataloging agency: ARRUPE
- Transcribing agency: ARRUPE
100 ## - HEADING--PERSONAL NAME
- Personal name: Grant, Douglas
- Relator term: ed.
670 ## - SOURCE DATA FOUND
- Source citation: Work cat.: (ARRUPE)127067: Dryden, John, 1631-1700. 36956, Poems and prose of John Dryden;, [1955]